000
00301nam a22001337a 4500
020
_a
978-81-8495-133-2
082
_a
158
_b
PIL/C
100
_a
PILLAI,RADHAKRISHNAN
245
_a
CORPORATE,CHANAKYA
260
_a
INDIA
_b
JAICO
300
_a
317
650
_a
PERSONALITY DEVELOPMENT
_z
INDIA
942
_c
BK
999
_c
5378
_d
5378